[Event "San Francisco TNM Peter Grey op"]
[Site "San Francisco"]
[Date "2010.08.17"]
[Round "3"]
[White "Urquhart Jr, Joe S"]
[Black "Dembling, Arthur"]
[Result "1/2-1/2"]
[WhiteElo "2028"]
[BlackElo "1738"]
[PlyCount "110"]
[EventDate "2010.08.03"]
[EventType "swiss"]
[EventRounds "9"]
[EventCountry "USA"]
[SourceTitle "EXT 2012"]
[Source "ChessBase"]
[SourceDate "2011.11.24"]
[SourceVersion "1"]
[SourceVersionDate "2011.11.24"]
[SourceQuality "1"]

1. d4 Nf6 2. Nf3 e6 3. c4 b6 4. a3 Bb7 5. Nc3 Be7 6. Qc2 d5 7. cxd5 exd5 8. Nb5 c6 9. Nc3 0-0 10. e3 Nbd7 11. Bd3 c5 12. 0-0 Rc8 13. Rd1 cxd4 14. Nxd4 Nc5 15. Bf5 Rb8 16. e4 Ncxe4 17. Bxe4 Nxe4 18. Nxe4 dxe4 19. Bf4 Rc8 20. Qa4 a6 21. Nf5 Qe8 22. Qd4 Bf6 23. Qxb6 Qc6 24. Rd6 Qxb6 25. Rxb6 Ba8 26. Rxf6 gxf6 27. Ne7+ Kg7 28. Nxc8 Rxc8 29. Rc1 Rd8 30. Kf1 Rd3 31. Be3 Bd5 32. Ke2 a5 33. Rc3 Rxc3 34. bxc3 a4 35. Bc5 f5 36. g3 Kf6 37. Ke3 Ke5 38. Bd4+ Ke6 39. Kf4 f6 40. g4 fxg4 41. Kxg4 e3 42. fxe3 Be4 43. Kf4 f5 44. Kg5 Kf7 45. Kh6 Kg8 46. c4 Bd3 47. Kg5 Bxc4 48. Kxf5 Bd3+ 49. e4 Kf7 50. h4 h5 51. Be5 Bc2 52. Bf4 Bd3 53. Ke5 Bc4 54. Kd4 Bb3 55. Kc3 Ke6 1/2-1/2